01342cam a2200277 a 450000500170000000800410001704000230005804100080008104400070008908200200009611000650011624501090018126000530029030000870034350400420043065000720047265000710054465000710061565000820068670000410076870000390080970000380084870000390088670000360092571001030096120160418121448.0010808s1998 ck ab rf 00110 spa d ala cladCO-BoIAVH0 aspa ack04a634.956 bC75m 2 aCorporacón Nacional de Investigación y Fomento Forestal 10aManual de arborización urbana para Santa Fe de Bogotá / cConif, DAMA ; ilustraciones Andrea Torres. aSantafé de Bogotá : bConif :bDAMA, c1998. a64 páginas : bilustraciones (algunas a color) y mapas ; c23 x 15 centímetros aIncluye referencias bibliográficas.16aArboricultura urbanaz Bogotá (Colombia)vGuías, manuales, etc.26aCultivos forestalesz Bogotá (Colombia)vGuías, manuales, etc.26aSilvicultura urbanaz Bogotá (Colombia)vGuías, manuales, etc.26aArbolesx Aspectos ambientalesz Bogotá (Colombia)vGuías, manuales, etc.1 aPrieto Palacios, Guillermo, eeditor1 aRoncancio Guerrero, Danieleeditor1 aVargas Mendoza, Alejandroeeditor1 aManrique Betancourt, Oscareeditor1 aTorres, Andrea, eilustraciones2 aBogotá (Colombia). bAlcaldia Mayor. bDepartamento Técnico Administrativo del Medio Ambiente.